1629 1677 1743 1873 1943 1348 1195 1104 1870 1329 1337 1827 1948 1618 1462 1773 1043 1977 1802 1503 1891 1744 1753 1868 1637 1772 1236 1398 1871 1967 1972 1425 1189 1801 1251 1735 1154 1227 1328 1529 1292 1938 1901 1713 1351 1104 1419 1338 1932 1599 1442 1324 1813 1503 1646 1104 1333 1466 1378 1004 1859 1052 1639 1886 1529 1752 1819 1568 1626 1772 1102 1209 1919 1669 1855 1026 1783 1990 1469 1991 1361 1970 1819 1812 1608 1717 1460 1146 1601 1676 1488 1168 1782 1692 1033 1249 1425 1575 1756 BCNSPRNW ULIB Ver.6.0+V

เปลี่ยนเป็นภาษาไทย

Change to English
 แสดงรายละเอียดบรรณานุกรม
  กลับหน้าหลัก

Brief Record : Get Marc (ISO 2709) : E-mail record : QR code < ปิดหน้าต่าง
LEADER : 00000nam 2200000uu 4500
001    13399113809
003     ULIB
008    120109s2545||||th 000 0 tha d
020    ^a9746112848(ล.2)
060  4 ^aWA310^bส719อ ล.2 2545
110 1  ^aมหาวิทยาลัยสุโขทัยธรรมาธิราช^bสาขาวิชาวิทยาศาสตร์สุขภาพ
245 00 ^aเอกสารการสอนชุดวิชา อนามัยแม่และเด็กและการวางแผนครอบครัว หน่วยที่9-15=^bMaternal and Child Health and Family Planning /^cสาขาวิชาวิทยาศาสตร์สุขภาพ มหาวิทยาลัยสุโขทัยธรรมาธิราช
246 0  ^aMaternal and Child Health and Family Planning
250    ^aพิมพ์ครั้งที่ 11
260    ^aนนทบุรี:^bศูนย์หนังสือมหาวิทยาลัยสุโขทัยธรรมาธิราช,^c2545
300    ^a2 เล่ม :^b901 หน้า
650  7 ^aครอบครัว^xการวางแผน
650  7 ^aเด็ก^xการบริบาลและสุขวิทยา
650  7 ^aอนามัยแม่และเด็ก
945    ^p0^l0^i24410
945    ^p0^l0^i14668
945    ^p0^l0^i14667
995    ^aกัณชพร
999    ^aใช้งานได้ทุกระบบ
รายการนี้ยังไม่มีแท็ก
คุณยังไม่ได้ล็อกอิน คุณสามารถมีกิจกรรมร่วมกับเว็บไซต์ได้ แต่ต้องล็อกอินก่อน ::
  ล็อกอิน

รายการสื่อสารสนเทศ

ลำดับที่ ประเภท เลขเรียก/บาร์โค้ด สถานที่ สถานะ
- ไม่พบข้อมูล -

รายการใกล้เคียง
    หัวเรื่อง [อนามัยแม่และเด็ก]

BibComment


ยังไม่เคยถูกคอมเมนท์

คอมเมนท์ทรัพยากรรายการนี้
  คอมเมนท์: เอกสารการสอนชุดว..


 Copyright 2026. Bcnsprnw @Library